[Event "North County CC op 199th"]
[Site "San Diego"]
[Date "2006.12.09"]
[Round "1"]
[White "Nagaran, Michael"]
[Black "Crankshaw, John"]
[Result "1-0"]
[WhiteElo "2026"]
[BlackElo "1575"]
[PlyCount "91"]
[EventDate "2006.12.09"]
[EventType "swiss"]
[EventRounds "5"]
[EventCountry "USA"]
[SourceTitle "EXT 2009"]
[Source "ChessBase"]
[SourceDate "2008.11.26"]
[SourceVersion "1"]
[SourceVersionDate "2008.11.26"]
[SourceQuality "1"]

1. e4 c6 2. d4 d5 3. Nc3 dxe4 4. Nxe4 Bf5 5. Ng3 Bg6 6. h4 h6 7. h5 Bh7 8. Bd3 Bxd3 9. Qxd3 Nf6 10. Nf3 e6 11. Bd2 Nbd7 12. 0-0-0 Bd6 13. Ne4 Nxe4 14. Qxe4 Nf6 15. Qe2 Qc7 16. g4 Nd5 17. g5 Bf4 18. g6 0-0-0 19. Ne5 Bxd2+ 20. Qxd2 fxg6 21. hxg6 Rhf8 22. Rh3 Rf5 23. Ra3 a6 24. Qe2 Rdf8 25. f3 Qe7 26. c4 Qg5+ 27. Kb1 Nf4 28. Qe4 Rxe5 29. dxe5 Qxg6 30. Qxg6 Nxg6 31. Re3 Nf4 32. Rg1 g6 33. Kc2 Rd8 34. Re4 Rf8 35. b3 Kc7 36. a3 c5 37. Kd2 Rf5 38. b4 Kc6 39. Rb1 Ng2 40. Ke2 Nf4+ 41. Kf2 Nd3+ 42. Ke3 Nxe5 43. f4 Ng4+ 44. Kf3 Nf6 45. Rxe6+ Kc7 46. Re5 1-0

[Event "North County CC op 198th"]
[Site "San Diego"]
[Date "2005.12.02"]
[Round "5"]
[White "Crankshaw, John"]
[Black "Mahaffey, Sam"]
[Result "1/2-1/2"]
[WhiteElo "1586"]
[BlackElo "1577"]
[PlyCount "73"]
[EventDate "2005.10.21"]
[EventType "swiss"]
[EventRounds "5"]
[EventCountry "USA"]
[SourceTitle "EXT 2009"]
[Source "ChessBase"]
[SourceDate "2008.11.26"]
[SourceVersion "1"]
[SourceVersionDate "2008.11.26"]
[SourceQuality "1"]

1. e4 e6 2. d4 d5 3. Nc3 Bb4 4. e5 c5 5. Bd2 Ne7 6. Nb5 Bxd2+ 7. Qxd2 0-0 8. f4 Nbc6 9. Nf3 a6 10. Nd6 Nxd4 11. Nxd4 cxd4 12. 0-0-0 Nc6 13. Bd3 f6 14. Qe2 fxe5 15. Qh5 e4 16. Nxe4 dxe4 17. Bxe4 Rf5 18. Bxf5 exf5 19. Rd3 g6 20. Qh6 Qe7 21. a3 b5 22. h4 Nd8 23. Qg5 Qxg5 24. hxg5 Nc6 25. Re1 Bd7 26. Rh1 Be6 27. Rdh3 Ra7 28. Rg1 Nd8 29. c3 Rc7 30. Rd3 Nc6 31. Kd2 Bc4 32. Rh3 dxc3+ 33. Rxc3 Rd7+ 34. Ke3 Re7+ 35. Kf2 Re2+ 36. Kg3 Rxb2 37. Rd1 1/2-1/2

[Event "North County CC op 198th"]
[Site "San Diego"]
[Date "2005.11.18"]
[Round "4"]
[White "Boyd, James"]
[Black "Crankshaw, John"]
[Result "0-1"]
[WhiteElo "1710"]
[BlackElo "1586"]
[PlyCount "86"]
[EventDate "2005.10.21"]
[EventType "swiss"]
[EventRounds "5"]
[EventCountry "USA"]
[SourceTitle "EXT 2009"]
[Source "ChessBase"]
[SourceDate "2008.11.26"]
[SourceVersion "1"]
[SourceVersionDate "2008.11.26"]
[SourceQuality "1"]

1. e4 c6 2. d4 d5 3. e5 Bf5 4. Nf3 e6 5. Bd3 Bxd3 6. Qxd3 Ne7 7. 0-0 Ng6 8. Bg5 Qb6 9. Nc3 Nd7 10. Nh4 Nxh4 11. Bxh4 c5 12. Na4 Qb4 13. b3 cxd4 14. f4 Nc5 15. Nxc5 Bxc5 16. a3 Qb6 17. b4 Be7 18. Bf2 0-0 19. Bxd4 Qc7 20. g4 a5 21. c3 Qc4 22. Qe3 axb4 23. axb4 Ra6 24. Rxa6 Qxa6 25. f5 Ra8 26. f6 Bf8 27. Bc5 Qc4 28. h3 Bxc5 29. bxc5 Ra6 30. Qg5 Qxc5+ 31. Kh1 Qf8 32. Rb1 h6 33. Qe3 Qc8 34. Rc1 Qc6 35. Kh2 Ra2+ 36. Kg3 Ra3 37. g5 h5 38. fxg7 Ra4 39. h4 Re4 40. Qf3 Qc4 41. Qxh5 Qd3+ 42. Kg2 Re2+ 43. Kf1 Rc2+ 0-1

[Event "North County CC op 198th"]
[Site "San Diego"]
[Date "2005.10.21"]
[Round "1"]
[White "Crankshaw, John"]
[Black "Nagaran, Michael"]
[Result "0-1"]
[WhiteElo "1586"]
[BlackElo "2031"]
[PlyCount "56"]
[EventDate "2005.10.21"]
[EventType "swiss"]
[EventRounds "5"]
[EventCountry "USA"]
[SourceTitle "EXT 2009"]
[Source "ChessBase"]
[SourceDate "2008.11.26"]
[SourceVersion "1"]
[SourceVersionDate "2008.11.26"]
[SourceQuality "1"]

1. e4 c5 2. Nf3 d6 3. d4 cxd4 4. Nxd4 Nf6 5. Nc3 g6 6. Be2 Bg7 7. Be3 0-0 8. 0-0 Nc6 9. Qd2 Bd7 10. Bf3 Ne5 11. Be2 Rc8 12. f3 a6 13. Nd5 Nc4 14. Nxf6+ Bxf6 15. Bxc4 Rxc4 16. c3 b5 17. Nc2 a5 18. a3 Qc7 19. Bd4 Bxd4+ 20. Nxd4 b4 21. cxb4 axb4 22. Rac1 bxa3 23. Rxc4 Qxc4 24. bxa3 Qc5 25. Kh1 Qxa3 26. Nc2 Qb2 27. Qc1 Qxc1 28. Rxc1 Rc8 0-1

[Event "North County CC op 197th"]
[Site "San Diego"]
[Date "2005.10.14"]
[Round "5"]
[White "Hawks, Joe"]
[Black "Crankshaw, John"]
[Result "1-0"]
[WhiteElo "1338"]
[BlackElo "1495"]
[PlyCount "67"]
[EventDate "2005.09.16"]
[EventType "swiss"]
[EventRounds "5"]
[EventCountry "USA"]
[SourceTitle "EXT 2009"]
[Source "ChessBase"]
[SourceDate "2008.11.26"]
[SourceVersion "1"]
[SourceVersionDate "2008.11.26"]
[SourceQuality "1"]

1. d4 Nf6 2. c4 g6 3. Nf3 Bg7 4. Nc3 0-0 5. e4 d6 6. Be2 c5 7. 0-0 Na6 8. a3 b6 9. Qc2 Bb7 10. d5 Nc7 11. b4 Nxe4 12. Bb2 Nf6 13. Rad1 b5 14. Nxb5 Nxb5 15. cxb5 Bxd5 16. Bxf6 Bxf3 17. Bxf3 Bxf6 18. Bxa8 Qxa8 19. bxc5 Rc8 20. c6 a5 21. a4 Qa7 22. Rc1 Rc7 23. Rfd1 Bg5 24. Rb1 Qb6 25. Qe4 Bf6 26. Rbc1 Be5 27. Qe3 Qb8 28. b6 Rc8 29. b7 Rc7 30. Qb6 d5 31. Rxd5 Bd6 32. Rxa5 Bxh2+ 33. Kh1 Rc8 34. Ra8 1-0

[Event "North County CC op 196th"]
[Site "San Diego"]
[Date "2005.09.02"]
[Round "5"]
[White "Crankshaw, John"]
[Black "Cramer, Charles"]
[Result "1-0"]
[WhiteElo "1495"]
[BlackElo "1644"]
[PlyCount "121"]
[EventDate "2005.08.05"]
[EventType "swiss"]
[EventRounds "5"]
[EventCountry "USA"]
[SourceTitle "EXT 2009"]
[Source "ChessBase"]
[SourceDate "2008.11.26"]
[SourceVersion "1"]
[SourceVersionDate "2008.11.26"]
[SourceQuality "1"]

1. e4 e5 2. Nf3 Nc6 3. Bb5 a6 4. Ba4 Bc5 5. 0-0 d6 6. h3 Nf6 7. Re1 0-0 8. c3 b5 9. Bb3 Na5 10. Bc2 Nc6 11. d4 exd4 12. Nxd4 Nxd4 13. cxd4 Bb6 14. Nc3 Bb7 15. Bg5 h6 16. h4 hxg5 17. hxg5 Nh7 18. f4 g6 19. Re3 Bc8 20. Rg3 Kg7 21. Qd2 Rh8 22. f5 Kf8 23. fxg6 fxg6 24. Rf1+ Ke7 25. Nd5+ Kd7 26. Rf7+ Kc6 27. Rc3+ Kb7 28. Nxb6 Kxb6 29. d5 Bd7 30. Qd4+ Kb7 31. Qg7 Kc8 32. e5 Nxg5 33. Re7 Rg8 34. Qf6 Nh7 35. Qxd6 Ra7 36. Rxh7 Bf5 37. Qb6 Rb7 38. Qxa6 Bxc2 39. Rxc2 Kb8 40. Qe6 Re8 41. Qd7 Qxd7 42. Rxd7 Rxe5 43. Rc3 Kc8 44. Rg7 g5 45. d6 Rf5 46. d7+ Kd8 47. Rd3 Rf8 48. Ra3 Rb8 49. Rg3 Rb7 50. R3xg5 c6 51. Rg8 Rxg8 52. Rxg8+ Kxd7 53. Rg7+ Kc8 54. Rxb7 Kxb7 55. g4 Kc7 56. Kf2 c5 57. Ke3 Kd6 58. Ke4 Ke6 59. g5 b4 60. g6 c4 61. Kd4 1-0

[Event "North County CC op 195th"]
[Site "San Diego"]
[Date "2005.07.15"]
[Round "4"]
[White "Crankshaw, John"]
[Black "Boyd, James"]
[Result "1-0"]
[WhiteElo "1495"]
[BlackElo "1799"]
[PlyCount "49"]
[EventDate "2005.06.24"]
[EventType "swiss"]
[EventRounds "5"]
[EventCountry "USA"]
[SourceTitle "EXT 2009"]
[Source "ChessBase"]
[SourceDate "2008.11.26"]
[SourceVersion "1"]
[SourceVersionDate "2008.11.26"]
[SourceQuality "1"]

1. e4 d6 2. d4 Nf6 3. Nc3 g6 4. Bg5 Bg7 5. Nf3 h6 6. Bh4 g5 7. Bg3 Nh5 8. Qd2 Nc6 9. 0-0-0 Nxg3 10. fxg3 g4 11. d5 Ne5 12. Nd4 a6 13. Kb1 b5 14. Nc6 Nxc6 15. dxc6 e6 16. Be2 Rg8 17. Rhf1 Qe7 18. Rde1 Rb8 19. Nd5 exd5 20. exd5 Be5 21. Bd3 Qg5 22. Qf2 f6 23. Qa7 Qd2 24. Qxb8 Kd8 25. Bf5 1-0

[Event "North County CC op 195th"]
[Site "San Diego"]
[Date "2005.07.15"]
[Round "5"]
[White "Nagaran, Michael"]
[Black "Crankshaw, John"]
[Result "1-0"]
[WhiteElo "2055"]
[BlackElo "1495"]
[PlyCount "54"]
[EventDate "2005.06.24"]
[EventType "swiss"]
[EventRounds "5"]
[EventCountry "USA"]
[SourceTitle "EXT 2009"]
[Source "ChessBase"]
[SourceDate "2008.11.26"]
[SourceVersion "1"]
[SourceVersionDate "2008.11.26"]
[SourceQuality "1"]

1. c4 c5 2. g3 Nf6 3. Bg2 g6 4. Nc3 Bg7 5. e4 d6 6. d3 0-0 7. Nge2 Nc6 8. 0-0 a6 9. h3 Qc7 10. Be3 Rb8 11. Qd2 b5 12. b3 bxc4 13. dxc4 Bb7 14. Rad1 Qa5 15. f4 Rfd8 16. g4 Qc7 17. Nd5 Nxd5 18. exd5 Na7 19. f5 Nc8 20. Rf2 Nb6 21. Rdf1 Rf8 22. Bh6 Nd7 23. Bxg7 Kxg7 24. fxg6 fxg6 25. Nf4 Rxf4 26. Rxf4 Rf8 27. Rxf8 Nxf8 1-0